|
|
|
|
| LEADER |
00000nam0a2200000 4500 |
| 001 |
266195 |
| 005 |
20231101234000.0 |
| 035 |
|
|
|a (RuTPU)RU\TPU\book\289199
|
| 090 |
|
|
|a 266195
|
| 100 |
|
|
|a 20140703d1971 km y0rusy50 ca
|
| 101 |
1 |
|
|a rus
|c eng
|
| 102 |
|
|
|a RU
|
| 105 |
|
|
|a a z 001zy
|
| 200 |
1 |
|
|a Тепло- и массообмен в пограничных слоях
|e пер. с англ.
|f С. В. Патанкар, Д. Б. Сполдинг
|
| 210 |
|
|
|a Москва
|c Энергия
|d 1971
|
| 215 |
|
|
|a 128 с.
|c ил.
|
| 320 |
|
|
|a Библиогр.: с. 85-89 (132 назв.).
|
| 606 |
1 |
|
|a Тепломассообмен
|x (физика)
|2 stltpush
|3 (RuTPU)RU\TPU\subj\58920
|9 76603
|
| 610 |
1 |
|
|a теплообмен
|
| 610 |
1 |
|
|a массообмен
|
| 610 |
1 |
|
|a пограничные слои
|
| 610 |
1 |
|
|a расчет
|
| 610 |
1 |
|
|a математический анализ
|
| 610 |
1 |
|
|a метод конечных разностей
|
| 610 |
1 |
|
|a физические гипотезы
|
| 675 |
|
|
|a 536.2
|v 3
|
| 700 |
|
1 |
|a Патанкар
|b С. В.
|
| 701 |
|
1 |
|a Сполдинг
|b Д. Б.
|
| 801 |
|
1 |
|a RU
|b 63413507
|c 20140703
|
| 801 |
|
2 |
|a RU
|b 63413507
|c 20210208
|g RCR
|
| 942 |
|
|
|c BK
|